[Event "VIE-ch U09"]
[Site "Ho Chi Minh City"]
[Date "2014.07.16"]
[Round "6"]
[White "Trang, Bao Phuc"]
[Black "Le, Ngoc Khanh Duy"]
[Result "1/2-1/2"]
[WhiteElo "1468"]
[BlackElo "1516"]
[PlyCount "40"]
[EventDate "2014.07.13"]
[EventType "swiss"]
[EventRounds "9"]
[EventCountry "VIE"]
[SourceTitle "EXT 2016"]
[Source "ChessBase"]
[SourceDate "2015.10.08"]
[SourceVersion "1"]
[SourceVersionDate "2015.10.08"]
[SourceQuality "1"]

1. e4 c5 2. Bc4 Nf6 3. d3 e6 4. Nf3 Be7 5. e5 Ng8 6. 0-0 h6 7. a3 d6 8. Bf4 dxe5 9. Bxe5 Nf6 10. h3 0-0 11. Nbd2 Nc6 12. Bc3 Bd7 13. Bb5 a6 14. Bxc6 Bxc6 15. Ne5 Bd5 16. Nec4 Qe8 17. Ne3 Bc6 18. Ng4 Nxg4 19. Qxg4 g6 20. Ne4 f5 1/2-1/2

[Event "VIE-ch U09"]
[Site "Ho Chi Minh City"]
[Date "2014.07.13"]
[Round "2"]
[White "Trang, Bao Phuc"]
[Black "Pham, Xuan Duc"]
[Result "1-0"]
[WhiteElo "1468"]
[BlackElo "1525"]
[PlyCount "81"]
[EventDate "2014.07.13"]
[EventType "swiss"]
[EventRounds "9"]
[EventCountry "VIE"]
[SourceTitle "EXT 2016"]
[Source "ChessBase"]
[SourceDate "2015.10.08"]
[SourceVersion "1"]
[SourceVersionDate "2015.10.08"]
[SourceQuality "1"]

1. e4 e6 2. Nf3 d5 3. e5 c5 4. Bb5+ Nc6 5. 0-0 Bd7 6. Bxc6 Bxc6 7. d3 f6 8. Bf4 fxe5 9. Bxe5 Nf6 10. Nbd2 Bd6 11. Bxd6 Qxd6 12. c4 d4 13. Qe2 0-0 14. Rfe1 Rae8 15. Ne5 Nd7 16. Nxc6 Qxc6 17. Nf3 h6 18. b4 b6 19. b5 Qc7 20. Qe4 Nf6 21. Qc6 Qxc6 22. bxc6 Rf7 23. Ne5 Rfe7 24. a4 Rc8 25. a5 Ne8 26. axb6 axb6 27. Rab1 Rb8 28. Ng6 Ra7 29. Ne5 Nd6 30. Nd7 Re8 31. Rxb6 Rc7 32. Nxc5 Kf7 33. Ne4 Nxe4 34. Rxe4 e5 35. h3 Kf6 36. f4 Kf5 37. Rxe5+ Rxe5 38. fxe5 Kxe5 39. Rb7 Rxc6 40. Rxg7 Kf6 41. Rd7 1-0